00333nam a2200109Ia 4500008004100000245008900041260004900130260000900179300001000188500000900198650001600207170224s9999 xx 000 0 und d aMe, us, and them: Testing sociometer theory in a socially diverse real-life context. bJournal of Personality and Social Psychology c2016 a110:6 aJune xPsychology.